Violeta del Pueblo

שמור ב:
מידע ביבליוגרפי
מחבר ראשי: Parra, Violeta (Parra Sandoval, Violeta) (autora)
מחברים אחרים: Martínez Reverte, Javier (Editor)
פורמט: ספר
שפה:ספרדית
יצא לאור: Madrid Visor Libros 1996
מהדורה:3a. ed
סדרה:Colección Visor de Poesía, 70
נושאים:
תגים: הוספת תג
אין תגיות, היה/י הראשונ/ה לתייג את הרשומה!

MARC

LEADER 00000nam a2200000 a 4500
001 UCH4182
003 CL-VaPUC
005 20230531074404.0
008 090818e19960000SP |||||||||||||||||spa|d
999 |c 335519  |d 335517 
020 |a 8475220703 
040 |c Pontificia Universidad Católica de Valparaíso 
082 0 4 |a Ch861  |b PAR  |2 21 
100 |a Parra, Violeta  |q (Parra Sandoval, Violeta)  |e autora  |9 310731 
245 1 0 |a Violeta del Pueblo 
250 |a 3a. ed 
260 |a Madrid  |b Visor Libros  |c 1996 
300 |a 153 p 
490 0 |a Colección Visor de Poesía, 70 
583 |a last modification  |c 20090818 00:00:00  |k Rodrigo Vera 
650 0 |a Poesía   |9 265825 
650 0 |a Poesía chilena   |9 268403 
650 0 |a Literatura chilena   |9 308278 
650 0 |a Escritores chilenos   |9 420370 
650 0 |a Folklore chileno  |9 265536 
650 0 |a Poetas chilenos  |9 326722 
651 7 |a CHILE  |2 CL-VaPUC  |9 539651 
700 |a Martínez Reverte, Javier   |e editor  |9 880639 
942 |c BK  |2 ddc 
945 |d 20090818 00:00:00  |a ccalabra